| 000 | 00945cam a2200229 4500 | ||
|---|---|---|---|
| 001 | ABS62798 | ||
| 008 | 000000n2000 000 0 eng u | ||
| 035 | _a(Sirsi) u107851 | ||
| 100 | _aWhittaker, R. | ||
| 245 | _aHow will the environmental management approach benefit organisations within the construction industry? | ||
| 260 | _c2000 | ||
| 490 |
_aASI Journal _v12(13) August 2000, 11-15(5) |
||
| 520 | _aConsiders why the construction industry has failed to embrace quality and environmental management as enthusiastically as other industries. Suggests various approaches to tackling the problems and outlines the benefits and rewards that can be achieved by taking such a route. Diagrams. | ||
| 590 | _aABS | ||
| 650 | _aQUALITY MANAGEMENT | ||
| 650 | _aENVIRONMENTAL MANAGEMENT | ||
| 650 | _aCONSTRUCTION INDUSTRY | ||
| 650 | _aLATHAM REFORMS | ||
| 650 | _aENVIRONMENTAL POLICY | ||
| 690 | _aQUALITY ASSURANCE | ||
| 942 | _n0 | ||
| 999 |
_c64424 _d64424 |
||